000 00676nam a2200205 a 4500
001 9495
003 CO-ViMGA
008 141112s2004 ck r 000 u spa d
040 _aCO-ViMGA
_bspa
_cCO-ViMGA
082 0 4 _a340.2 C933
100 1 _aCristancho Parra ; Leopoldo,
_910498
245 1 0 _aLa acción de tutela guía practica :
_blegislación demandas, sentencias corte constitucional doctrina, comentarios.
260 _aSantafé de Bogotá :
_bEdiciones Juridicas Rodar,
_c1982
300 _a329p.
650 1 4 _aCONSTITUCION Política
_910499
650 1 4 _aDERECHOS FUNDAMENTALES
_910500
650 1 4 _aDERECHOS SOCIALES
_910501
650 1 4 _aTUTELA
942 _2ddc
_cBK
999 _c20992
_d20992